Statistics for County Seats Of Alaska

Click here to take the quiz!

General Stats

  • This quiz has been taken 18 times
  • The average score is 16 of 30

Answer Stats

BoroughSeatPop.
Area
(Km²)
Pop / km²% Correct
_________ North StarFairbanks95,65518,9975.04
100%
(Consolidated city-borough)Juneau32,2557,0034.61
100%
(Consolidated city-borough)Anchorage291,2474,42165.88
93%
North SlopeBarrow (Utqiaġvik)11,031230,0520.05
79%
______ IslandKodiak13,10117,3240.76
79%
_________ GatewayKetchikan13,94812,5791.11
71%
____Nome10,04659,4910.17
71%
(Consolidated city-borough)Sitka8,4587,4331.14
71%
(Consolidated city-borough)Skagway1,2401,1241.10
71%
(Consolidated city-borough)Wrangell2,1276,6200.32
64%
(Consolidated city-borough)Haines2,0806,0690.34
57%
Matanuska-SusitnaPalmer107,08163,9911.67
57%
ChugachValdez7,10224,6820.29
57%
______Bethel18,666105,2240.18
50%
Northwest ArcticKotzebue7,79392,3680.08
50%
Aleutians WestUnalaska5,23211,3780.03
50%
(Consolidated city-borough)Yakutat66219,7440.09
50%
__________Dillingham4,85747,4850.10
43%
Yukon-KoyukukFort Yukon5,343377,0390.01
43%
DenaliHealy1,61932,7400.05
43%
______–AngoonHoonah2,36516,9780.36
43%
Kenai PeninsulaSoldotna58,79941,4851.42
43%
__________Petersburg3,3987,5130.45
36%
Prince of Wales-HyderCraig5,75313,6430.42
29%
Lake and PeninsulaKing Salmon1,47661,7240.02
29%
Bristol BayNaknek8441,2480.68
29%
Aleutians EastSand Point3,42018,0920.19
29%
Copper RiverGlennallen2,61763,9520.04
21%
Southeast _________Deltana6,80864,3120.11
14%
KusilvakHooper Bay8,36844,2290.19
14%

Score Distribution

Percentile by Number Answered

Percent of People with Each Score

Your Score History

You have not taken this quiz